[Event "Kiev Spring op"]
[Site "Kiev"]
[Date "2021.07.13"]
[Round "5"]
[White "Kovalenko, Olexander"]
[Black "Perepelytsya-Melnyk, Klim"]
[Result "0-1"]
[WhiteElo "1352"]
[BlackElo "1072"]
[PlyCount "72"]
[EventDate "2021.07.10"]
[EventType "swiss"]
[EventRounds "9"]
[EventCountry "UKR"]
[SourceTitle "EXT 2024"]
[Source "ChessBase"]
[SourceDate "2023.10.10"]
[SourceVersion "1"]
[SourceVersionDate "2023.10.10"]
[SourceQuality "1"]

1. c4 b6 2. g3 Bb7 3. Nf3 Bxf3 4. exf3 Nf6 5. Bg2 c6 6. Nc3 e6 7. 0-0 d5 8. cxd5 exd5 9. d4 Be7 10. f4 0-0 11. a3 Na6 12. b4 Nc7 13. Be3 a5 14. Qb3 axb4 15. axb4 Rxa1 16. Rxa1 Qd6 17. Rb1 b5 18. f3 Nd7 19. f5 Nb6 20. Bf4 Qd7 21. Bh3 Bf6 22. Ne2 Nc4 23. g4 h6 24. Kf2 Re8 25. Rg1 Rxe2+ 26. Kxe2 Bxd4 27. Rd1 Qe7+ 28. Kf1 Be3 29. Bxc7 Qxc7 30. Kg2 Bf4 31. Rh1 Ne3+ 32. Kf2 Qe7 33. Re1 Qh4+ 34. Ke2 Qxh3 35. Kd3 Qxf3 36. Kd2 Ng2+ 0-1